000 00490nam a2200181Ia 4500
008 230711s9999||||xx |||||||||||||| ||und||
020 _a978-3-8331-5318-1
041 _aENG
082 _a720
_bNE-U
100 _aNeubauer,Hendrik
245 0 _aUrban design and the 20th century Architecture
250 _a1st Ed.
260 _c2010
_aCambridge
_bH.F.Ullmann is an imprint of Tandem Verlag GamH
300 _a432p.
650 _aArchitecture
700 _aWachten,Kunibert
942 _cBK
999 _c5848
_d5848